| 000 | 01052nam0a22002531 4500 | ||
|---|---|---|---|
| 001 | rc\1167146 | ||
| 005 | 20260407014256.0 | ||
| 035 | _a(NLR Aleph) 006410673 | ||
| 090 |
_a5342695 _c5342695 |
||
| 100 | _a20041129d1980 |||y0rusy50 ca | ||
| 101 | 0 | _arus | |
| 102 | _aRU | ||
| 105 | _aa ||||||||| | ||
| 200 | 1 |
_aТиповой проект организации труда на участке расфасовки, упаковки и транспортировки сыпучих продуктов многотоннажных производств _eУтв. об-нием "Союзанилпром" 23.10.79 |
|
| 210 |
_aМ. _cБ. и. _d1980 |
||
| 215 |
_a77 с., 1 л. схем. _cил. _d20 |
||
| 300 | _aВ надзаг.: М-во хим. пром-сти, Центр НОТ | ||
| 320 | _aБиблиогр.: с. 77 (9 назв.) | ||
| 712 | 0 | 2 |
_a"Союзанилпром", объединение _9502345 _3RU\NLR\AUTH\8810002564 |
| 801 | 0 |
_aRU _bNLR _gpsbo |
|
| 801 | 1 |
_aRU _bELAR _2rusmarc |
|
| 852 |
_aNLR _j80-4/21792 |
||
| 942 | _cBOOK | ||
| 980 | _aNB | ||